[Event "Belt and Road Hunan op-B"]
[Site "Changsha"]
[Date "2019.08.02"]
[Round "9"]
[White "Jiang, Qinyu"]
[Black "Lin, Jinyu"]
[Result "1/2-1/2"]
[WhiteElo "2067"]
[BlackElo "2103"]
[PlyCount "64"]
[EventDate "2019.07.29"]
[EventType "swiss"]
[EventRounds "9"]
[EventCountry "CHN"]
[SourceTitle "EXT 2020"]
[Source "ChessBase"]
[SourceDate "2019.10.17"]
[SourceVersion "1"]
[SourceVersionDate "2019.10.17"]
[SourceQuality "1"]

1. c4 e6 2. Nf3 d5 3. d4 c5 4. g3 Nc6 5. Bg2 dxc4 6. Qa4 cxd4 7. 0-0 Bc5 8. Ne5 Bd7 9. Qxc4 Bb6 10. Nxc6 bxc6 11. Bxc6 Rc8 12. Bxd7+ Qxd7 13. Qd3 Qd5 14. Na3 Nf6 15. b3 0-0 16. Bb2 e5 17. Rac1 e4 18. Qb5 Qe6 19. Rxc8 Rxc8 20. Rc1 Rd8 21. Nc4 d3 22. Nxb6 axb6 23. Rd1 Rd5 24. Qc4 b5 25. Qc1 dxe2 26. Re1 Qd7 27. Bxf6 gxf6 28. Qe3 Rd1 29. Qxe2 Rxe1+ 30. Qxe1 Qd3 31. Qa1 e3 32. fxe3 Qxe3+ 1/2-1/2

[Event "Belt and Road Hunan op-B"]
[Site "Changsha"]
[Date "2019.08.02"]
[Round "8"]
[White "Lin, Jinyu"]
[Black "Yu, Lie"]
[Result "0-1"]
[WhiteElo "2103"]
[BlackElo "2316"]
[PlyCount "62"]
[EventDate "2019.07.29"]
[EventType "swiss"]
[EventRounds "9"]
[EventCountry "CHN"]
[SourceTitle "EXT 2020"]
[Source "ChessBase"]
[SourceDate "2019.10.17"]
[SourceVersion "1"]
[SourceVersionDate "2019.10.17"]
[SourceQuality "1"]

1. e4 d6 2. d4 g6 3. Nc3 Bg7 4. Be3 Nf6 5. f3 c6 6. Qd2 b5 7. g4 Bb7 8. g5 Nfd7 9. 0-0-0 Nb6 10. Bd3 N8d7 11. Nce2 a6 12. Ng3 Qc7 13. h4 c5 14. Bf1 0-0-0 15. h5 d5 16. Qf2 cxd4 17. Bxd4 Bxd4 18. Rxd4 Nc5 19. e5 Qxe5 20. f4 Qc7 21. Nf3 Ne4 22. Nxe4 dxe4 23. Rxd8+ Rxd8 24. Ne5 e3 25. Qxe3 Bxh1 26. Qh3+ Nd7 27. Qxh1 Nxe5 28. fxe5 Kb8 29. Qe4 Qc5 30. Bd3 Qg1+ 31. Kd2 Qxg5+ 0-1

[Event "Belt and Road Hunan op-B"]
[Site "Changsha"]
[Date "2019.08.01"]
[Round "6"]
[White "Lin, Jinyu"]
[Black "Zhang, Lanlin"]
[Result "1-0"]
[WhiteElo "2103"]
[BlackElo "2195"]
[PlyCount "75"]
[EventDate "2019.07.29"]
[EventType "swiss"]
[EventRounds "9"]
[EventCountry "CHN"]
[SourceTitle "EXT 2020"]
[Source "ChessBase"]
[SourceDate "2019.10.17"]
[SourceVersion "1"]
[SourceVersionDate "2019.10.17"]
[SourceQuality "1"]

1. e4 c5 2. Nf3 d6 3. Bb5+ Nc6 4. Bxc6+ bxc6 5. 0-0 Bg4 6. Re1 e5 7. d3 Be7 8. Na3 Nf6 9. Nc4 0-0 10. c3 Qc7 11. Ne3 d5 12. Nxg4 Nxg4 13. exd5 cxd5 14. h3 Nf6 15. Nxe5 Bd6 16. Ng4 Nxg4 17. Qxg4 f5 18. Qf3 Qf7 19. Bf4 Be7 20. Re5 Rad8 21. Rae1 Bf6 22. Re6 d4 23. c4 h6 24. Bd6 Rfe8 25. Rxe8+ Rxe8 26. Rxe8+ Qxe8 27. Qxf5 Qe1+ 28. Kh2 Qb4 29. Bxc5 Qb8+ 30. g3 Qxb2 31. Bxa7 Qxa2 32. Bxd4 Bxd4 33. Qd5+ Kh7 34. Qe4+ g6 35. Qxd4 h5 36. c5 g5 37. c6 h4 38. c7 1-0